000 00470nam a2200169Ia 4500
999 _c11806
_d11806
003 OSt
005 20201117143937.0
008 190216s9999||||xx |||||||||||||| ||und||
040 _coclc
082 _a823.01
_bHEM/J
100 _aHemming, James
_94674
245 0 _aJimmy The Flint's Last Haul /
_cJames Hemming
260 _bLongmans,
_c1960.
_aLondon:
300 _a64p
650 _aSpeeches
942 _cBK
_2ddc
_h823.01
_iHEM/J
_k823.01
_mHEM/J